000 00718nam a22002297a 4500
003 UA-OsUOA
001 53185
007 ta
008 20150922b un ||||| |||| 00| 0 ukr d
090 _a82...А/Я3
_bУ45
942 _cBK
040 _aUA-OsUOA
_bukr
_cUA-OsUOA
_dUA-OsUOA
245 _aУкраїнська поезія XVII століття (перша половина). Антологія
300 _a360 с.
955 _a3
041 _aukr
080 _a82...А/Я3
260 _aК.
_c1988
650 7 _a82 Література. Літературознавство
_2UDC
999 _c433219
_d433219